000 00631nam a2200229Ia 4500
005 20260320201915.0
008 008 262003s9999 xx 000 0 eng d
037 _aEBOOK
040 _aCRL
040 _beng
040 _cCRL
041 _2eng
041 _aeng
084 _qCRL
100 _aKhedher
_91136275
245 0 _aMastering OpenStack: Implement the latest techniques for designing and deploying an operational, production-ready private cloud
260 _bIEEE
856 _uhttps://ieeexplore.ieee.org/servlet/opac?bknumber=10769352
942 _cEBOOK
999 _c1724210
_d1724210